Los exámenes: cómo superarlos con éxito

Saved in:
Bibliografiske detaljer
Hovedforfatter: Allen, Clifford (Author)
Format: Bog
Sprog:spansk
Udgivet: Barcelona De Occidente 1965
Serier:Colección Libros Tau
Fag:
Tags: Tilføj Tag
Ingen Tags, Vær først til at tagge denne postø!

MARC

LEADER 00000nam a2200000 a 4500
001 UCZ6490
003 CL-VaPUC
008 951211e19650000SP |||||||||||||||||spa|d
082 0 4 |a 371.271  |b ALL  |2 21 
100 0 |a Allen, Clifford  |e author  |9 350824 
245 1 4 |a Los exámenes: cómo superarlos con éxito 
300 |a 148 p 
942 |c BK 
945 |d 19951211 00:00:00  |a cmena 
260 |a Barcelona  |b De Occidente  |c 1965 
650 0 |a Exámenes  |9 340201 
650 7 |a EXAMENES ORALES  |2 CL-VaPUC  |9 340219 
650 7 |a EXAMENES ESCRITOS  |2 CL-VaPUC  |9 340220 
650 7 |a PRACTICA DE TESTS EDUCACIONALES  |2 CL-VaPUC  |9 350825 
650 0 |a Motivación   |9 315362 
650 7 |a TESTS DE INTELIGENCIA  |2 CL-VaPUC  |9 309468 
650 0 |a Procesos de aprendizaje  |9 309161 
650 0 |a Psicología educacional   |9 307830 
650 7 |a ROL DE LOS PADRES  |2 CL-VaPUC  |9 338980 
650 0 |a Orientación profesional   |9 308504 
650 7 |a FRACASO ESCOLAR  |2 CL-VaPUC  |9 308828 
583 |a last modification  |c 19951211 00:00:00  |k Rodrigo Vera 
490 0 |a Colección Libros Tau 
999 |c 242689  |d 242687 
952 |0 0  |1 0  |4 0  |6 371_271000000000000_ALL_1965  |7 0  |8 P  |9 255805  |a BIBEDU  |b BIBEDU  |c BIBEDU_PB  |d 2019-11-19  |i 1603418  |o 371.271 ALL 1965  |p 1603418  |r 2019-11-19  |w 2019-11-19  |y BK  |k EDU